| 000 | 00571nam a2200217Ia 4500 | ||
|---|---|---|---|
| 001 | 2042 | ||
| 003 | GE_BSU | ||
| 008 | 181216s||||||||xx |||||||||||||| ||und|| | ||
| 020 | _a5797508680 | ||
| 040 | _cGE_BSU | ||
| 080 | _a341.2(470)(075.8)+347.9(470)(075.8) | ||
| 100 | _aСтецовский,Ю.И. | ||
| 245 | _aАдвокатура и государство | ||
| 260 | _aМосква | ||
| 260 | _bЮристь | ||
| 260 | _c2007 | ||
| 300 | _a606стр. 21см. | ||
| 541 | _h20л. | ||
| 653 | _aАдвокатура и государство | ||
| 942 | _cBK | ||
| 999 |
_c36142 _d36142 |
||